01708 2200205 4500001002100000005001500021008004100036035002000077082000800097084001400105100002100119245005500140250000600195260003800201300001200239520121700251650001001468990001201478990001201490INLIS00000000000130720240521092450240521 1 ind  a0010-0524000542 a813 a813 IND f aTaslim, Indriani1 aForget Me Not, Can I Forget You /cIndriani Taslim a1 aYogyakarta :bSheila/ Andi,c2018 a266 hlm aOh Shin Young, gadis energik yang kuliah di sebuah universitas di Seoul. Nasib membawanya bertemu dengan Kang Yoo Jin, seorang direktur muda yang tampan dan kaya setelah tanpa sengaja arloji yang mereka beli tertukar. Sialnya, arloji milik pemuda itu adalah edisi terbatas yang harganya 20 kali lipat dari harga arloji yang dibeli Shin Young. Arloji tersebut terlanjur Shin Young berikan pada kakaknya, Oh Shin Hwa. Akhirnya, ia harus mengembalikan uang tersebut. Yoo Jin meminta mengembalikannya 2x lipat. Untuk itulah, Shin Young bekerja sampingan di toko bunga dan restoran Jepang milik mantan kekasihnya yang bernama Han Min Hyuk. Kisah bergulir, ternyata Shin Hwa adalah manajer salah satu cabang perusahaan yang dipimpin oleh Yoo Jin. Shin Hwa berkenalan dan mulai dekat dengan Kang Yoo Rin, adik Yoo Jin yang baru pulang dari Perancis. Sementara itu, Yoo Jin jatuh cinta pada Shin Young. Keduanya berpacaran tanpa mengetahui bahwa Shin Hwa dan Yoo Rin juga menjalin hubungan, bahkan merencanakan pertunangan. Saat Yoo Rin berkunjung di rumah Shin Hwa, Shin Young terkejut mengetahui calon istri kakaknya adalah adik Yoo Jin. Tak ingin menyakiti hati kakaknya, ia pun memutuskan hubungannya dengan Yoo Jin. 4aFiksi a0741456 a0741457